书目信息 |
| 书名: | The Tibetan book of living and dying | |
| 作者: | Sogyal Rinpoche; Patrick Gaffney; Andrew Harvey | |
| 分册号: | ||
| 分册名: | 出版地: | new york |
|
| 出版社: | HarperCollins Publishers | |
| 出版时间: | 1993 | |
| 页数: | 441p | |
| 开本: | 25cm | |
| 丛书名: | ||
| 中图分类号: | ||
| 科图分类号: | ||
| 其他分类号: | B946.6 | |
| 主题词: | ||
| 电子资源: | ||
| 000 | 00446nam0 2200145 450 | |
| 001 | 202012001915 | |
| 005 | 20121115164109.0 | |
| 008 | 12111501s | |
| 020 | @a9780062508348@c$18.99 | |
| 099 | @dB946.6@eS682 | |
| 245 | 10 | @aThe Tibetan book of living and dying @cSogyal Rinpoche; Patrick Gaffney; Andrew Harvey |
| 260 | 0 | @anew york@b HarperCollins Publishers@c1993 |
| 300 | @a441p@c25cm | |
| 905 | @b11674 | |
| 905 | @aTSG@dB946.6@eS682 | |
| The Tibetan book of living and dying / Sogyal Rinpoche; Patrick Gaffney; Andrew Harvey.-new york : HarperCollins Publishers , 1993 |
| 441p ; 25cm |
| ISBN 9780062508348$18.99 |
| ● |
| 相关链接 |
|
|
|
正题名:The Tibetan book of living and dying
索取号:B946.6/S682
 
预约/预借
| 序号 | 登录号 | 条形码 | 馆藏地/架位号 | 状态 | 备注 |